| 000 | 00536nam a2200217Ia 4500 | ||
|---|---|---|---|
| 008 | 180523s9999 xx 000 0 und d | ||
| 020 | _a81-7224-072-4 | ||
| 050 | _aMAIN RM 217 | ||
| 050 | _b.B35 2003 | ||
| 100 | _aBakhru, H.K. | ||
| 245 | 0 | _aDiet cure for common ailments / | |
| 245 | 0 | _cH.K. Bakhru. | |
| 260 | _aNew Delhi : | ||
| 260 | _bJaico Publishing, | ||
| 260 | _c2003 | ||
| 300 | _a363 pages : | ||
| 300 | _c22 cm. | ||
| 650 | _aDiet therapy. | ||
| 650 | _aMinerals in nutrition. | ||
| 650 | _xVitamin therapy. | ||
| 999 |
_c357662 _d357662 |
||